| 000 | 00585nam a2200205 4500 | ||
|---|---|---|---|
| 001 | 138831 | ||
| 003 | ES-MaACL | ||
| 005 | 20231209062945.0 | ||
| 007 | t| | ||
| 008 | 070214s1972 sp r ||||1| spa d | ||
| 100 | 1 |
_aSaña, Heleno, _d1930- _9103701 |
|
| 245 | 1 | 0 |
_aCultura proletaria y cultura burguesa / _cHeleno Saña. |
| 260 |
_aAlgorta : _bZero, _c1972. |
||
| 300 |
_a137 p. ; _c17 cm. |
||
| 490 | 1 | _aLee y discute | |
| 830 | 0 |
_aLee y discute _9181315 |
|
| 852 |
_aES-MaACL _jC-47185 _bR.81144 |
||
| 852 |
_aES-MaACL _jC-56435 _bR.89252 |
||
| 999 |
_c138831 _d138831 |
||